International Financial Reporting Standards (Fifth Edition) (Record no. 15034)

000 -LEADER
fixed length control field 01876cam a22003254a 4500
020 ## - INTERNATIONAL STANDARD BOOK NUMBER
ISBN 9780821378991
040 ## - CATALOGING SOURCE
Transcribing agency DDC
082 ## - DEWEY DECIMAL CLASSIFICATION NUMBER
Classification number 657 THE 2009 A053 Co.
100 1# - MAIN ENTRY--AUTHOR NAME
Personal name Greuning, Hennie van.
245 10 - TITLE STATEMENT
Title International Financial Reporting Standards (Fifth Edition)
Remainder of title A Practical Guide /
260 ## - PUBLICATION, DISTRIBUTION, ETC. (IMPRINT)
Place of publication Washington, D.C. :
Name of publisher The World Bank,
Year of publication 2009.
300 ## - PHYSICAL DESCRIPTION
Number of Pages 1 online resource (334 p.)
520 3# - SUMMARY, ETC.
Summary, etc International Financial Reporting Standards (IFRS) in a business situation can have a significant effect on the financial results and position of a division or an entire business enterprise. International Financial Reporting Standards: A Practical Guide gives private or public sector executives, managers, and financial analysts without a strong background in accounting the tools they need to participate in discussions and decisions on the appropriateness or application of IFRS. Each chapter summarizes an International Financial Reporting Standard, following a consistent structure: Problems addressed by the IFRS Scope of the Standard Key concepts and definitions Accounting treatment Presentation and disclosure Financial analysis and interpretation.
650 #4 - SUBJECT ADDED ENTRY--TOPICAL TERM
Topical Term Access to Finance.
650 #4 - SUBJECT ADDED ENTRY--TOPICAL TERM
Topical Term Bankruptcy and Resolution of Financial Distress.
650 #4 - SUBJECT ADDED ENTRY--TOPICAL TERM
Topical Term Banks and Banking Reform.
650 #4 - SUBJECT ADDED ENTRY--TOPICAL TERM
Topical Term Business Environment.
650 #4 - SUBJECT ADDED ENTRY--TOPICAL TERM
Topical Term Business in Development.
650 #4 - SUBJECT ADDED ENTRY--TOPICAL TERM
Topical Term Competitiveness and Competition Policy.
650 #4 - SUBJECT ADDED ENTRY--TOPICAL TERM
Topical Term Debt Markets.
650 #4 - SUBJECT ADDED ENTRY--TOPICAL TERM
Topical Term Economic Theory and Research.
650 #4 - SUBJECT ADDED ENTRY--TOPICAL TERM
Topical Term Emerging Markets.
650 #4 - SUBJECT ADDED ENTRY--TOPICAL TERM
Topical Term Finance and Financial Sector Development.
650 #4 - SUBJECT ADDED ENTRY--TOPICAL TERM
Topical Term Investment and Investment Climate.
650 #4 - SUBJECT ADDED ENTRY--TOPICAL TERM
Topical Term Macroeconomics and Economic Growth.
650 #4 - SUBJECT ADDED ENTRY--TOPICAL TERM
Topical Term Private Sector Development.
700 1# - ADDED ENTRY--PERSONAL NAME
Personal name Greuning, Hennie van.
856 40 - ELECTRONIC LOCATION AND ACCESS
Uniform Resource Identifier http://elibrary.worldbank.org/content/book/9780821377277
942 ## - ADDED ENTRY ELEMENTS (KOHA)
Koha item type សៀវភៅភាសាអង់គ្លេស
952 ## - LOCATION AND ITEM INFORMATION (KOHA)
Withdrawn status [LOCAL, KOHA] 0
Holdings
Permanent Location Date acquired Koha item type Lost status Shelving location Barcode Current Location Full call number
Library Block A2017-11-02សៀវភៅភាសាអង់គ្លេស A053A08546Library Block A657 THE 2009 A053 Co.
មជ្ឈមណ្ឌលឯការនៃសាកលវិទ្យាល័យភូមិន្ទកសិកម្មចំការដូង

Powered by Koha